Pénzügy és számvitel

Saved in:
Bibliographic Details
Format: Serial
Language:Hungarian
Published: Budapest Pénzügyi Nyostatványellátó és Lapkiadó Vállalst 1957
Tags: Add Tag
No Tags, Be the first to tag this record!

MARC

LEADER 00000nas2a2200000$$$4500
001 0009428
005 20250730114240.8
041 0 |a hun 
044 |a HU 
245 1 0 |a Pénzügy és számvitel 
264 1 |a Budapest  |b Pénzügyi Nyostatványellátó és Lapkiadó Vállalst  |c 1957 
300 |a 1 zv. 
773 0 |w eu_un_cat*0009427